| 000 | 00405nam a22001337a 4500 | ||
|---|---|---|---|
| 082 | _a349.5491 MAH | ||
| 100 | _aMahmood, M. | ||
| 245 |
_aThe General Clauses Acts, 1897, The W.P. General Clauses Acts, 1956 / _cM. Mahmood |
||
| 260 |
_aLahore : _bAl-Qanoon Publishers, _c2019. |
||
| 300 |
_a847 p. ; _c24 cm. |
||
| 942 |
_2ddc _cBK |
||
| 999 |
_c587080 _d587080 |
||